<?xml version="1.0" encoding="UTF-8"?>
<record
    xmlns:xsi="http://www.w3.org/2001/XMLSchema-instance"
    xsi:schemaLocation="http://www.loc.gov/MARC21/slim http://www.loc.gov/standards/marcxml/schema/MARC21slim.xsd"
    xmlns="http://www.loc.gov/MARC21/slim">

  <leader>02308nam a2200385 u 4500</leader>
  <controlfield tag="001">1503702</controlfield>
  <controlfield tag="005">20260508093205.0</controlfield>
  <controlfield tag="008">180830s2005       ||||||m|         spa  </controlfield>
  <datafield tag="035" ind1=" " ind2=" ">
    <subfield code="a">1503702</subfield>
  </datafield>
  <datafield tag="040" ind1=" " ind2=" ">
    <subfield code="c">comduadb</subfield>
  </datafield>
  <datafield tag="041" ind1=" " ind2=" ">
    <subfield code="a">spa</subfield>
  </datafield>
  <datafield tag="080" ind1=" " ind2=" ">
    <subfield code="a">PROY</subfield>
  </datafield>
  <datafield tag="100" ind1="1" ind2="0">
    <subfield code="a">Hern&#xE1;ndez Nieto, Jhon Fredy</subfield>
    <subfield code="4">aut</subfield>
    <subfield code="e">aut</subfield>
    <subfield code="9">631022</subfield>
  </datafield>
  <datafield tag="245" ind1="1" ind2="0">
    <subfield code="a">Taller pr&#xE1;ctico sobre la fundici&#xF3;n Quimbaya</subfield>
  </datafield>
  <datafield tag="260" ind1=" " ind2=" ">
    <subfield code="a">Medell&#xED;n :</subfield>
    <subfield code="b">Autores (as),</subfield>
    <subfield code="c">2005.</subfield>
  </datafield>
  <datafield tag="300" ind1=" " ind2=" ">
    <subfield code="a">26 hojas :</subfield>
    <subfield code="b">ilustraciones, mapas, tablas.</subfield>
  </datafield>
  <datafield tag="505" ind1=" " ind2=" ">
    <subfield code="a">CONTIENE: 1.Marco te&#xF3;rico. -- 1.1. Los Quimbayas. -- 1.2. Fundici&#xF3;n a la cera perdida de los orfebres Quimbayas. -- 1.3. Materiales. -- 2. Ensayos realizados. -- 3. Procedimiento propuesto para el taller pr&#xE1;ctico de fundici&#xF3;n Quimbaya. -- 4. Elaboraci&#xF3;n del manual. -- 5. An&#xE1;lisis de resultados. -- 6. An&#xE1;lisis financiero. -- 7. Conclusiones y recomendaciones. -- 8. Dificultades. -- 9. Referencias bibliogr&#xE1;ficas. -- 10. Anexos. - 10.1. Procedimientos para obtener las matrices a partir de los modelos originales. - 10.2. Manual del taller pr&#xE1;ctico sobre la fundici&#xF3;n de la cultura Quimbaya.</subfield>
  </datafield>
  <datafield tag="520" ind1="3" ind2=" ">
    <subfield code="a">"El proyecto que se presenta a continuaci&#xF3;n pretende acercar a los usuarios del Museo Universitario de la Universidad de Antioquia con la cultura Quimbaya a trav&#xE9;s de su orfebrer&#xED;a, representada en un proceso que obtiene r&#xE9;plicas de algunas piezas en dimensiones que aunque menores que las originales conservan todas las caracter&#xED;sticas propias de la cultura."</subfield>
  </datafield>
  <datafield tag="650" ind1=" " ind2=" ">
    <subfield code="a">Fundiciones colombia</subfield>
    <subfield code="9">174988</subfield>
  </datafield>
  <datafield tag="650" ind1=" " ind2=" ">
    <subfield code="a">Fundiciones</subfield>
    <subfield code="9">35390</subfield>
  </datafield>
  <datafield tag="650" ind1=" " ind2="7">
    <subfield code="a">Cer&#xE1;mica quimbaya</subfield>
    <subfield code="2">bnco</subfield>
    <subfield code="9">32357</subfield>
  </datafield>
  <datafield tag="650" ind1=" " ind2="7">
    <subfield code="a">Quimbayas</subfield>
    <subfield code="2">lemb</subfield>
    <subfield code="9">30960</subfield>
  </datafield>
  <datafield tag="650" ind1=" " ind2="7">
    <subfield code="a">Orfebrer&#xED;a quimbaya</subfield>
    <subfield code="2">lemb</subfield>
    <subfield code="9">93164</subfield>
  </datafield>
  <datafield tag="650" ind1=" " ind2=" ">
    <subfield code="a">Quimbayas (indigenas) - Alfareria</subfield>
    <subfield code="9">125484</subfield>
  </datafield>
  <datafield tag="650" ind1=" " ind2=" ">
    <subfield code="a">Quimbaya - Arqueologia</subfield>
    <subfield code="9">68421</subfield>
  </datafield>
  <datafield tag="650" ind1=" " ind2=" ">
    <subfield code="a">Cer&#xE1;mica ind&#xED;gena - Colombia</subfield>
    <subfield code="9">156571</subfield>
  </datafield>
  <datafield tag="650" ind1=" " ind2=" ">
    <subfield code="a">Arqueologia de rescate - Colombia</subfield>
    <subfield code="9">64977</subfield>
  </datafield>
  <datafield tag="650" ind1=" " ind2=" ">
    <subfield code="a">Estudios arqueol&#xF3;gicos</subfield>
    <subfield code="9">181673</subfield>
  </datafield>
  <datafield tag="650" ind1=" " ind2=" ">
    <subfield code="a">Investigaciones arqueol&#xF3;gicas - Colombia</subfield>
    <subfield code="9">80832</subfield>
  </datafield>
  <datafield tag="700" ind1="1" ind2="0">
    <subfield code="a">P&#xE9;rez Espitia, Paula Andr&#xE9;a</subfield>
    <subfield code="4">aut</subfield>
    <subfield code="e">aut</subfield>
    <subfield code="9">592874</subfield>
  </datafield>
  <datafield tag="700" ind1="1" ind2="0">
    <subfield code="a">Mej&#xED;a Arango, H&#xE9;ctor Daniel</subfield>
    <subfield code="4">ths</subfield>
    <subfield code="e">ths</subfield>
    <subfield code="9">511108</subfield>
  </datafield>
  <datafield tag="700" ind1="1" ind2="0">
    <subfield code="a">Silva Vel&#xE1;squez, Claudia Mar&#xED;a</subfield>
    <subfield code="4">ths</subfield>
    <subfield code="e">ths</subfield>
    <subfield code="9">391428</subfield>
  </datafield>
  <datafield tag="700" ind1="1" ind2="0">
    <subfield code="a">Ortiz Aristiz&#xE1;bal, Santiago</subfield>
    <subfield code="4">ths</subfield>
    <subfield code="e">ths</subfield>
    <subfield code="9">258584</subfield>
  </datafield>
  <datafield tag="942" ind1=" " ind2=" ">
    <subfield code="c">BOOK</subfield>
  </datafield>
  <datafield tag="999" ind1=" " ind2=" ">
    <subfield code="c">790697</subfield>
    <subfield code="d">790697</subfield>
  </datafield>
  <datafield tag="952" ind1=" " ind2=" ">
    <subfield code="0">0</subfield>
    <subfield code="1">0</subfield>
    <subfield code="4">0</subfield>
    <subfield code="7">0</subfield>
    <subfield code="8">ANTROP</subfield>
    <subfield code="a">MUSEO</subfield>
    <subfield code="b">MUSEO</subfield>
    <subfield code="d">2018-08-30</subfield>
    <subfield code="e">Material adquirido por donaci&#xF3;n</subfield>
    <subfield code="i">C1293296</subfield>
    <subfield code="l">0</subfield>
    <subfield code="o">PROY/101</subfield>
    <subfield code="p">01060145</subfield>
    <subfield code="r">2023-05-04 00:00:00</subfield>
    <subfield code="t">1</subfield>
    <subfield code="w">2023-05-04</subfield>
    <subfield code="y">TESISI</subfield>
  </datafield>
</record>
